000 01870nam a2200517 i 4500
001 4361
003 KOSZ 005
005 20211018135524.0
008 200427s1963 pl ab f 000 0 pol
015 _aUWD 1963/7337
035 _a991042007549705066
035 _a(PL-WaBN)b21242380-48omnis_nlop
035 _ab21242380
035 _a(OCoLC)831916221
035 _a(PL)b0000002124238
035 _a(EXLNZ-48OMNIS_NETWORK)9910275562105606
040 _aWA N
_cWA N
_dKOSZ 005/RW
046 _k1963
080 _a69
080 _a725.1
080 _a796.035
245 0 0 _aUrządzenia turystyczne :
_bpraca zbiorowa /
_cpod redakcją Borysa Lange i Jerzego Mokrzyńskiego ; [autorzy Wacław Bagieński et al.].
260 _aWarszawa :
_b"Arkady",
_c1963.
300 _a260, [4] stron :
_bilustracje, mapy ;
_c30 cm.
336 _aTekst
_btxt
_2rdacontent
337 _aBez urządzenia pośredniczącego
_bn
_2rdamedia
338 _aWolumin
_bnc
_2rdacarrier
380 _aKsiążki
380 _aPublikacje fachowe
388 _a1901-2000
388 _a1945-1989
504 _aBibliografia na stronach [258]-259.
521 8 _aKsiążka polecana architektom oraz wszystkim osobom i instytucjom interesującym się projektowaniem w zakresie turystyki.
650 7 _aObiekty i urządzenia turystyczne
_2DBN
650 7 _aOdpoczynek
650 7 _aProjektowanie
658 _aArchitektura i budownictwo
658 _aKultura fizyczna i sport
700 1 _aBagieński, Wacław
_eAutor
700 1 _aLange, Borys
_eRedakcja
700 1 _aMokrzyński, Jerzy Bogusław
_d(1909-1997)
_eRedakcja
710 2 _aWydawnictwo Arkady
_4pbl
856 _uhttp://koha.tu.koszalin.pl/cgi-bin/koha/opac-detail.pl?biblionumber=4361
_yKatalog online BPK
942 _2UKD
_cKS
999 _c4361
_d4361